000 00523nam a2200169Ia 4500
008 090711s9999 xx 000 0 und d
082 _b35823
100 _aखानोलकर िSां. त्र्यं.
245 _aसं. अभोगी
260 _c1976
300 _a73
600 _aखानोलकर िSां. त्र्यं.
630 _aसं. अभोगी
700 _aखानोलकर िSां. त्र्यं.
730 _aसं. अभोगी
942 _cBOOK
999 _c306120
_d306120